[Event "Montcada op-C 25th"]
[Site "Montcada"]
[Date "2017.07.02"]
[Round "8"]
[White "Siegel, Rainer"]
[Black "Montsech Donaire, Rafael"]
[Result "0-1"]
[WhiteElo "1590"]
[BlackElo "1583"]
[PlyCount "28"]
[EventDate "2017.06.26"]
[EventType "swiss"]
[EventRounds "9"]
[EventCountry "ESP"]
[SourceTitle "EXT 2018"]
[Source "ChessBase"]
[SourceDate "2017.10.13"]
[SourceVersion "1"]
[SourceVersionDate "2017.10.13"]
[SourceQuality "1"]

1. d4 Nf6 2. Nd2 g6 3. e4 d6 4. Be2 Bg7 5. Ngf3 c6 6. Nf1 Na6 7. Ng3 Nc7 8. d5 Bd7 9. Bg5 b5 10. Qc1 Ne6 11. Bd2 Qb6 12. c3 a5 13. e5 dxe5 14. dxe6 Bxe6 0-1